000 02691nam0a2200397 i 4500
001 RU\NLR\BIBL_A\010794216
005 20260405162740.0
010 _a9785986880266
_9200
021 _aRU
_b2015-39472
_92346
035 _a(NILC)RuMoRGB-007942241
035 _a(NLR Aleph) 010794216
090 _a10127625
_c10127625
100 _a20150626d2014 km y0rusy50 ca
101 0 _arus
_achi
102 _aRU
105 _ay|||z|||111yy
200 1 _aУниверситетская корпорация: память, идентичность, практики консолидации
_eматериалы всероссийской научной конференции с международным участием, посвященной 210-й годовщине основания Казанского университета, Казань, 27-29 ноября 2014 г.
_f[редкол.: ... Г. П. Мягков (сост., отв. ред.), ... Е. А. Чиглинцев (сост., отв. ред.)]
210 _aКазань
_cЯЗ
_d2014
215 _a427 с.
_d21
300 _aВ надзаг.: Казанский (Приволжский) федеральный ун-т, Ин-т междунар. отношений, истории и востоковедения, Российская акад. наук, Ин-т всеобщей истории [и др.]
300 _aЧасть текста на кит. яз.
320 _aБиблиогр. в подстроч. примеч.
320 _aУказ. авт.: с. 419-420
601 0 2 _aКазанский государственный университет
_jСъезды, совещания и т.п
_xИстория
_91231571
_3RU\NLR\AUTH\66184381
606 _aУниверситетское образование
_jСъезды, совещания и т.п
_92586169
_3RU\NLR\AUTH\661528586
610 0 _aКазанский государственный университет
610 0 _aуниверситеты
686 1 _aЧ484(2Р)711.9г-Казанский.я431
686 1 _aЧ484(0)я431
702 1 _4220
_4340
_7ca
_8rus
_aМягков
_bГ. П.
_f1946-
_gГерман Пантелеймонович
_951926
_3RU\NLR\AUTH\7768998
711 1 2 _a"Университетская корпорация: память, идентичность, практики консолидации", всероссийская научная конференция с международным участием
_eКазань
_f2014
_9474960
_3RU\NLR\AUTH\880403960
801 0 _aRU
_bРГБ
_c20150528
_gRCR
942 _cBOOK
980 _aNBR